A HISTORY OF POLITICAL THEORY (Record no. 7832)
[ view plain ]
| 000 -LEADER | |
|---|---|
| fixed length control field | 00446cam a2200181ua 4500 |
| 008 - FIXED-LENGTH DATA ELEMENTS--GENERAL INFORMATION | |
| fixed length control field | 160503n II |||gr||||Z||||||eng |
| 040 ## - CATALOGING SOURCE | |
| Original cataloging agency | MAIN |
| 041 ## - LANGUAGE CODE | |
| -- | English |
| 082 ## - DEWEY DECIMAL CLASSIFICATION NUMBER | |
| Classification number | 320.011 RAO |
| 100 ## - MAIN ENTRY--PERSONAL NAME | |
| Personal name | RAO ,V. VENKATA ., |
| Relator term | AUTHOR. |
| 245 ## - TITLE STATEMENT | |
| Title | A HISTORY OF POLITICAL THEORY |
| 250 ## - EDITION STATEMENT | |
| Edition statement | 3RD REV. |
| 260 ## - PUBLICATION, DISTRIBUTION, ETC. | |
| Place of publication, distribution, etc. | NEW DELHI |
| Name of publisher, distributor, etc. | S.CHAND & COMPANY |
| Date of publication, distribution, etc. | 1983. |
| 300 ## - PHYSICAL DESCRIPTION | |
| Extent | 777.: |
| Dimensions | 21CM. |
| 942 ## - ADDED ENTRY ELEMENTS (KOHA) | |
| Koha item type | Books |
| 653 ## - INDEX TERM--UNCONTROLLED | |
| Uncontrolled term | POLITICAL THEORIES |
| Withdrawn status | Lost status | Damaged status | Not for loan | Collection code | Home library | Current library | Shelving location | Date acquired | Total Checkouts | Full call number | Barcode | Date last seen | Date last checked out | Copy number | Price effective from | Koha item type | Public note |
|---|---|---|---|---|---|---|---|---|---|---|---|---|---|---|---|---|---|
| Withdrawn | REFPSC | Central Library and Information Centre Sibsagar Girls College | Central Library and Information Centre Sibsagar Girls College | Withdraw items | 19.08.1980 | 1 | 320.011 RAO | 06971 | 27.10.2021 | 28.09.2021 | 1 | 27.02.2020 | Books | V |